000 00278nam a2200109Ia 4500
001 588627
005 20250717120835.0
008 250717s9999 xx 000 0 und d
245 0 _aV-5 BANA NELER OLUYOR?
_cŞEBNEM GÜLER KARACAN
260 _bERDEM YAYINLARI
_c2017
300 _b94
999 _c588627
_d588627